[Event "28th Czech Open A 2017"]
[Site "Pardubice CZE"]
[Date "2017.07.29"]
[Round "9.65"]
[White "Audi, Ameya"]
[Black "Sabol, Marian"]
[Result "0-1"]
[BlackTitle "FM"]
[WhiteElo "2219"]
[BlackElo "2354"]
[WhiteFideId "25034430"]
[BlackFideId "308056"]
[EventDate "2017.07.21"]

1. e4 c5 2. Nf3 d6 3. d4 cxd4 4. Nxd4 Nf6 5. Nc3 a6 6. Be3 e6 7. f3 b5 8. Qd2 b4
9. Na4 d5 10. e5 Nfd7 11. f4 Be7 12. Bd3 O-O 13. O-O g6 14. Kh1 Nc5 15. Nxc5
Bxc5 16. Rae1 Bd7 17. f5 exf5 18. Bg5 Be7 19. Bh6 Be6 20. g4 fxg4 21. Nxe6 fxe6
22. Bxf8 Bxf8 23. Qf4 Qe7 24. Qxg4 Nd7 25. h4 Bg7 26. h5 g5 27. h6 Nxe5 28.
Bxh7+ Kxh7 29. Qh5 Ng6 30. hxg7+ Kxg7 31. Qg4 Rh8+ 32. Kg1 e5 33. Re3 Rh4 34.
Qc8 Qa7 35. Re1 d4 36. Rf3 d3+ 37. Kg2 d2 38. Rd1 e4 39. Rf5 Qe3 40. Qd7+ Kh6
41. Rf2 Rh2+ 42. Kxh2 Qxf2+ 43. Kh3 Qf3+ 44. Kh2 Qxd1 45. Qh3+ Qh5 0-1

[Event "28th Czech Open A 2017"]
[Site "Pardubice CZE"]
[Date "2017.07.29"]
[Round "9.66"]
[White "Sodoma, Jan"]
[Black "Citra, Dewi Ardhiani Anastasia"]
[Result "1/2-1/2"]
[WhiteTitle "IM"]
[BlackTitle "WFM"]
[WhiteElo "2351"]
[BlackElo "2227"]
[WhiteFideId "323195"]
[BlackFideId "7101244"]
[EventDate "2017.07.21"]

1. d4 Nf6 2. c4 d6 3. Nc3 Nbd7 4. e4 e5 5. Nf3 g6 6. Be2 Bg7 7. O-O O-O 8. Re1
h6 9. h3 Nh7 10. Be3 Ng5 11. Nxg5 hxg5 12. Qd2 exd4 13. Bxd4 Ne5 14. Be3 g4 15.
hxg4 Bxg4 16. Bxg4 Nxg4 17. Bf4 Qh4 18. Bg3 Qh5 19. Nd5 Be5 20. Qd3 c6 21. Nf4
Qg5 22. Qf3 Kg7 23. Rad1 Rad8 24. Rd3 Rh8 1/2-1/2

[Event "28th Czech Open A 2017"]
[Site "Pardubice CZE"]
[Date "2017.07.29"]
[Round "9.67"]
[White "Pein, Jonathan"]
[Black "Koykka, Pekka"]
[Result "0-1"]
[BlackTitle "FM"]
[WhiteElo "2223"]
[BlackElo "2351"]
[WhiteFideId "417092"]
[BlackFideId "504319"]
[EventDate "2017.07.21"]

1. e4 e6 2. d3 d5 3. Nd2 dxe4 4. dxe4 e5 5. Ngf3 Bc5 6. Bc4 Nc6 7. c3 Nf6 8. b4
Bd6 9. O-O O-O 10. Qe2 a5 11. b5 Ne7 12. Rd1 Ng6 13. Nf1 Nh5 14. Ng3 Nhf4 15.
Qe3 Bg4 16. Be2 Qf6 17. Ne1 Nxe2+ 18. Nxe2 Rad8 19. Bb2 Nf4 20. f3 Be6 21. Nxf4
exf4 22. Qe2 Qg5 23. Kh1 Bc5 24. Nc2 Rxd1+ 25. Rxd1 Bxa2 26. Ra1 Be6 27. Rxa5
Bb6 28. Ra1 h5 29. Nd4 Bd7 30. Bc1 Qe5 31. Qc4 Re8 32. Rb1 g5 33. Qd3 f5 34.
Qc4+ Kg7 35. h4 fxe4 36. fxe4 Qxe4 37. Ra1 Qe1+ 0-1

[Event "28th Czech Open A 2017"]
[Site "Pardubice CZE"]
[Date "2017.07.29"]
[Round "9.68"]
[White "Shemyakin, Valeriy"]
[Black "Gheng, Josef"]
[Result "1/2-1/2"]
[BlackTitle "FM"]
[WhiteElo "2173"]
[BlackElo "2347"]
[WhiteFideId "14132818"]
[BlackFideId "4618041"]
[EventDate "2017.07.21"]

1. e4 e5 2. Nf3 Nc6 3. Bc4 Nf6 4. Ng5 d5 5. exd5 Na5 6. Bb5+ Bd7 7. Qe2 Be7 8.
Nf3 O-O 9. Bxd7 Qxd7 10. Nxe5 Qxd5 11. O-O Rfe8 12. Nc3 Qd8 13. Nf3 c5 14. d3
Nc6 15. Ne4 Nd5 16. Qd1 f5 17. Ng3 g6 18. Re1 Bf6 19. Rxe8+ Qxe8 20. c3 Rd8 21.
Qc2 Rd7 22. Bd2 Qd8 23. Rd1 Kg7 24. a3 Nc7 25. b4 cxb4 26. axb4 a6 27. d4 Qg8
28. Bg5 Bxg5 29. Nxg5 Qc4 30. Nxf5+ gxf5 31. Qxf5 Re7 32. Qxh7+ Kf8 33. Qh8+ Qg8
34. Qf6+ Ke8 35. h4 Nd5 36. Qf3 b5 37. Ra1 Nb8 38. Ne4 Qg6 39. Nc5 Qf7 40. Qg4
Kd8 41. Qg5 Kc8 42. Qg4+ Kc7 43. Qg3+ Kc8 44. Nxa6 Nxa6 45. Rxa6 Kb7 46. Ra1 Re6
47. Qd3 Nc7 48. d5 Rd6 49. c4 Qf6 50. Ra5 Qxh4 51. c5 Rxd5 52. Rxb5+ Kc8 53. Qf3
Nxb5 54. Qxd5 Qxb4 55. Qf5+ Kc7 56. g4 Kc6 57. g5 Nd4 58. Qf6+ Kxc5 59. Qe7+ Kc4
60. Qxb4+ Kxb4 61. g6 Nf5 62. Kh2 Kc5 63. Kh3 Kd5 64. Kg4 Ke6 65. Kg5 Ng7 66. f4 1/2-1/2

[Event "28th Czech Open A 2017"]
[Site "Pardubice CZE"]
[Date "2017.07.29"]
[Round "9.69"]
[White "Jazdanovs, Aleksandrs"]
[Black "Suleymanli, Aydin"]
[Result "1/2-1/2"]
[BlackTitle "CM"]
[WhiteElo "2066"]
[BlackElo "2345"]
[WhiteFideId "11604492"]
[BlackFideId "13413937"]
[EventDate "2017.07.21"]

1. e4 e6 2. d4 d5 3. Nc3 Nf6 4. e5 Nfd7 5. f4 c5 6. Nf3 Nc6 7. Be3 a6 8. Qd2 b5
9. dxc5 Bxc5 10. Bd3 Qb6 11. Bf2 Bxf2+ 12. Qxf2 Qxf2+ 13. Kxf2 Nc5 14. Ne2 Bd7
15. Ned4 Nxd4 16. Nxd4 Rc8 17. Ke3 h5 18. g3 Ke7 19. Rhf1 g6 20. Rac1 Na4 21. b3
Nc3 22. a3 Rc5 23. Ne2 Rhc8 24. Nd4 Rh8 25. Ne2 Nxe2 26. Kxe2 Rhc8 27. Kd2 R8c7 1/2-1/2

[Event "28th Czech Open A 2017"]
[Site "Pardubice CZE"]
[Date "2017.07.29"]
[Round "9.70"]
[White "Nyysti, Sampsa"]
[Black "Horak, Martin"]
[Result "1-0"]
[WhiteTitle "IM"]
[WhiteElo "2344"]
[BlackElo "2073"]
[WhiteFideId "502138"]
[BlackFideId "367095"]
[EventDate "2017.07.21"]

1. e4 c5 2. Nf3 d6 3. d4 cxd4 4. Nxd4 Nf6 5. Nc3 a6 6. g3 g6 7. Bg2 Bg7 8. O-O
O-O 9. h3 Nc6 10. Nde2 Bd7 11. b3 b5 12. Bb2 Rc8 13. Qd2 b4 14. Nd1 Qb6 15. c4
bxc3 16. Ndxc3 Ne5 17. Kh2 Rb8 18. Rab1 Qc5 19. Nd5 Nxd5 20. exd5 Bb5 21. Rbc1
Qb6 22. Bd4 Qb7 23. Rfd1 Bxe2 24. Qxe2 Rfe8 25. f4 Nd7 26. Rc6 a5 27. Bg1 a4 28.
Rb1 Qb4 29. Rc7 Rb7 30. Rxb7 Qxb7 31. b4 a3 32. Rb3 Bb2 33. b5 Nb6 34. Qc2 Rc8
35. Qc6 Rxc6 36. bxc6 Qa6 37. Bxb6 Qc4 38. c7 Kg7 39. Ba5 Bd4 40. Rb4 Qxa2 41.
c8=Q Qf2 42. Rxd4 a2 43. Bc3 1-0

[Event "28th Czech Open A 2017"]
[Site "Pardubice CZE"]
[Date "2017.07.29"]
[Round "9.71"]
[White "Lushnikov, Evgeny"]
[Black "Drnovsek, Gal"]
[Result "1/2-1/2"]
[BlackTitle "IM"]
[WhiteElo "2050"]
[BlackElo "2440"]
[WhiteFideId "24146269"]
[BlackFideId "14607077"]
[EventDate "2017.07.21"]

1. e4 c5 2. Nf3 d6 3. Bb5+ Nd7 4. O-O a6 5. Bd3 Ngf6 6. Re1 e6 7. a4 b6 8. c4
Be7 9. Nc3 O-O 10. Bb1 e5 11. Nd5 Nb8 12. Qb3 Nfd7 13. a5 bxa5 14. Qa4 Nb6 15.
Qb3 N8d7 16. Qc3 Nf6 17. Bc2 Nfxd5 18. cxd5 a4 19. Bxa4 Nxa4 20. Rxa4 Bd7 21.
Ra3 Qb6 22. d3 Rfb8 23. Nd2 Qb4 24. Nc4 Qxc3 25. Rxc3 Bb5 26. Ra3 Kf8 27. b3 Ke8
28. Bd2 Kd7 29. Rea1 Bd8 30. g3 Bc7 31. Kg2 Rf8 32. f4 f6 33. Kf3 Rab8 34. Ba5
Rb7 35. Bxc7 Kxc7 36. Rxa6 Bxa6 37. Rxa6 Rxb3 38. Rc6+ Kb8 39. Nxd6 Rxd3+ 40.
Kg4 g6 41. fxe5 fxe5 42. Rxc5 h6 43. Rc6 Re3 44. Kh3 Re2 45. Nb5 g5 46. Rb6+ Ka8
47. Rxh6 Rxe4 48. Ra6+ Kb7 49. Nd6+ Kxa6 50. Nxe4 Kb5 51. Nxg5 Kc4 52. d6 Kd5
53. d7 e4 54. Kg2 Rd8 55. h4 Rxd7 56. h5 Rg7 57. Nh3 Kc4 58. Nf4 Kc3 59. Nd5+
Kd3 60. Kh3 e3 61. Kh4 Ke4 62. Nxe3 Kxe3 63. h6 Rg8 64. Kh5 Rxg3 65. h7 Kf4 66.
Kh6 Kf5 67. h8=Q Rh3+ 68. Kg7 Rxh8 69. Kxh8 1/2-1/2

[Event "28th Czech Open A 2017"]
[Site "Pardubice CZE"]
[Date "2017.07.29"]
[Round "9.72"]
[White "Glek, Igor"]
[Black "Gurpreet, Singh Maras"]
[Result "1-0"]
[WhiteTitle "GM"]
[WhiteElo "2430"]
[BlackElo "2231"]
[WhiteFideId "4100484"]
[BlackFideId "5014433"]
[EventDate "2017.07.21"]

1. e4 e6 2. d4 d5 3. Nc3 dxe4 4. Nxe4 Nd7 5. g3 Ngf6 6. Nxf6+ Nxf6 7. Bg2 c5 8.
Ne2 Be7 9. O-O O-O 10. c4 cxd4 11. Qxd4 Qa5 12. Bd2 Qa6 13. b4 Rd8 14. Qc3 Nd5
15. Qb3 Nb6 16. Be3 e5 17. b5 Qa5 18. c5 Be6 19. Qc3 Qxc3 20. Nxc3 Nd5 21. Nxd5
Bxd5 22. Bxd5 Rxd5 23. Rfd1 Rdd8 24. Rxd8+ Rxd8 25. Rc1 f5 26. c6 bxc6 27. Rxc6
Rd7 28. Ra6 f4 29. gxf4 exf4 30. Bxf4 Bc5 31. a4 g5 32. Be3 Bxe3 33. fxe3 Kg7
34. Kf2 h5 35. Kg3 Re7 36. e4 Rd7 37. e5 Rc7 38. Kf3 Rf7+ 39. Ke4 g4 40. e6 Rf1
41. Rxa7+ Kg6 42. b6 Rb1 43. e7 Kf7 44. b7 1-0

[Event "28th Czech Open A 2017"]
[Site "Pardubice CZE"]
[Date "2017.07.29"]
[Round "9.73"]
[White "Bekturov, Tamerlan"]
[Black "Parkhov, Yair"]
[Result "1/2-1/2"]
[BlackTitle "FM"]
[WhiteElo "2223"]
[BlackElo "2407"]
[WhiteFideId "13710184"]
[BlackFideId "2813408"]
[EventDate "2017.07.21"]

1. d4 d5 2. c4 e6 3. Nc3 c6 4. e3 Bd6 5. Nf3 f5 6. Bd3 Nf6 7. Qc2 Ne4 8. b3 O-O
9. Bb2 Bd7 10. O-O-O a5 11. c5 Bc7 12. Na4 Na6 13. a3 b5 14. cxb6 Bxb6 15. Ne5
Be8 16. Qe2 Nb8 17. f3 Nd6 18. Kb1 Nf7 19. Nxf7 Bxf7 20. Rc1 Ba7 21. Rhd1 Qd6
22. g4 Bg6 23. gxf5 exf5 24. Re1 Nd7 25. Qc2 Rac8 26. e4 fxe4 27. fxe4 dxe4 28.
Bxe4 Bxe4 29. Qxe4 1/2-1/2

[Event "28th Czech Open A 2017"]
[Site "Pardubice CZE"]
[Date "2017.07.29"]
[Round "9.74"]
[White "Konguvel, Ponnuswamy"]
[Black "Thannheiser, Thomas"]
[Result "1/2-1/2"]
[WhiteTitle "IM"]
[WhiteElo "2388"]
[BlackElo "2231"]
[WhiteFideId "5000548"]
[BlackFideId "4691059"]
[EventDate "2017.07.21"]

1. e4 c5 2. Nf3 d6 3. d4 cxd4 4. Nxd4 Nf6 5. Nc3 g6 6. Be3 Bg7 7. f3 Nc6 8. Qd2
O-O 9. O-O-O d5 10. Qe1 e5 11. Nxc6 bxc6 12. exd5 cxd5 13. Bg5 Be6 14. Bc4 Qc7
15. Bxf6 dxc4 16. Bxg7 Kxg7 17. Nd5 Bxd5 18. Rxd5 f6 19. Qa5 Rf7 20. Qxc7 Rxc7
21. Rhd1 Re8 22. Rd7+ Re7 23. Rxc7 Rxc7 24. Rd6 Kf7 25. Kd2 c3+ 26. bxc3 Ke7 27.
Ra6 Rd7+ 28. Ke3 f5 29. h4 Rc7 30. Kd3 Rd7+ 31. Ke2 Rc7 32. Kd2 Kf7 33. g3 Rd7+
34. Ke3 Rc7 35. c4 Rxc4 36. Rxa7+ Ke6 37. Kd3 Rd4+ 38. Ke3 Rc4 39. Kd3 Rd4+ 40.
Ke2 Rc4 41. Kd2 Rd4+ 42. Kc1 h5 43. Ra6+ Kf7 44. Ra7+ Ke6 45. Ra6+ Kf7 46. Ra7+ 1/2-1/2

[Event "28th Czech Open A 2017"]
[Site "Pardubice CZE"]
[Date "2017.07.29"]
[Round "9.75"]
[White "Urban, Lars"]
[Black "Kulon, Klaudia"]
[Result "1/2-1/2"]
[BlackTitle "WGM"]
[WhiteElo "2222"]
[BlackElo "2380"]
[WhiteFideId "4644034"]
[BlackFideId "1131044"]
[EventDate "2017.07.21"]

1. d4 d5 2. c4 e6 3. Nc3 c6 4. e3 Bd6 5. Bd3 Nd7 6. Nf3 f5 7. b3 a6 8. c5 Bc7 9.
Na4 Ngf6 10. Bb2 O-O 11. Qc2 Ne4 12. O-O-O b5 13. cxb6 Nxb6 14. Nc5 a5 15. a3
Qe7 16. Rhg1 Bd6 17. g4 Rf7 18. h4 h6 19. gxf5 exf5 20. Rg6 Nd7 21. Rdg1 Nf8 22.
Rxh6 Bg3 23. Bxe4 fxe4 24. Rxg3 Rxf3 25. Rxc6 Qxh4 26. Nxe4 dxe4 27. Rxf3 Qh1+
28. Kd2 Qxf3 29. Rxc8 Qxf2+ 30. Kd1 Qg1+ 31. Kd2 Qg2+ 32. Kc1 Qf1+ 33. Kd2 Rxc8
34. Qxc8 Qd3+ 35. Kc1 Qxe3+ 36. Kb1 Qxb3 37. Qc3 Qd1+ 38. Ka2 a4 39. Qc4+ Kh7
40. d5 Qf3 41. Qxa4 e3 1/2-1/2

[Event "28th Czech Open A 2017"]
[Site "Pardubice CZE"]
[Date "2017.07.29"]
[Round "9.76"]
[White "Vusatiuk, Vladimir"]
[Black "Varitski, Igor"]
[Result "1-0"]
[WhiteTitle "IM"]
[BlackTitle "IM"]
[WhiteElo "2338"]
[BlackElo "2226"]
[WhiteFideId "14118610"]
[BlackFideId "14102862"]
[EventDate "2017.07.21"]

1. e4 c6 2. d4 d5 3. e5 Bf5 4. Nf3 e6 5. Be2 Nd7 6. O-O h6 7. Nbd2 Ne7 8. Nb3
Nc8 9. Bd2 Be7 10. Ne1 O-O 11. Na5 Qc7 12. b4 b6 13. Nb3 c5 14. c3 a5 15. b5 a4
16. Nc1 f6 17. f4 cxd4 18. cxd4 fxe5 19. fxe5 Ba3 20. Ncd3 Qc4 21. Rxf5 Rxf5 22.
Nc2 Bf8 23. Nf4 Qc7 24. Nxe6 Qb7 25. Ne3 Rf7 26. Nd8 1-0

[Event "28th Czech Open A 2017"]
[Site "Pardubice CZE"]
[Date "2017.07.29"]
[Round "9.77"]
[White "Hrabusa, Matej"]
[Black "Johansson, Gunnar"]
[Result "1/2-1/2"]
[WhiteElo "2335"]
[BlackElo "2223"]
[WhiteFideId "14908042"]
[BlackFideId "1703501"]
[EventDate "2017.07.21"]

1. d4 d5 2. Bf4 Nf6 3. e3 c5 4. c3 Nc6 5. Nd2 Bf5 6. Qb3 Qd7 7. dxc5 e5 8. Bg3
Bxc5 9. Ngf3 Qe7 10. Bb5 d4 11. Nc4 O-O 12. O-O dxe3 13. Nxe3 Bxe3 14. fxe3 Ne4
15. Bh4 Qc5 16. Rae1 Nd6 17. Bxc6 bxc6 18. Be7 Rfe8 19. Bxd6 Qxd6 20. Ng5 Be6
21. Qc2 f5 22. Rd1 Qc5 23. Rxf5 Qxe3+ 24. Kh1 g6 25. Nxe6 gxf5 26. Nc7 f4 27.
Nxa8 Rxa8 28. Qb3+ Kh8 29. Qb7 Rf8 30. Qe7 Kg8 31. Qg5+ Kh8 32. h3 a5 33. Rd7
Qe1+ 34. Kh2 Qg3+ 35. Qxg3 fxg3+ 36. Kxg3 a4 37. Rb7 e4 38. Re7 Rg8+ 39. Kh2 a3
40. bxa3 Ra8 41. Rxe4 Rxa3 42. Rc4 Rxa2 43. Rxc6 Kg7 44. Re6 Rc2 45. Re3 Kg6 46.
Kg1 h5 47. g3 Kg5 48. Kf1 h4 49. Ke1 hxg3 50. Rxg3+ Kf4 51. Kd1 Rh2 52. Rd3 Ke4
53. Rd2 Rxh3 54. Kc2 Ke5 55. Kb3 Rh8 56. c4 Rb8+ 57. Kc3 Rc8 58. Kb4 Rb8+ 59.
Ka5 Rc8 60. Rd5+ Ke6 61. Kb4 Rh8 62. Rd1 Rb8+ 63. Ka5 Rc8 64. Kb5 Rb8+ 65. Ka6
Rc8 66. Rd4 Ke5 67. Rh4 Kd6 68. Kb7 Rc7+ 69. Kb6 Rc6+ 70. Kb5 Rc5+ 71. Kb4 Rg5
72. c5+ Kc7 73. Rh7+ Kc6 74. Rh6+ Kc7 75. Kb5 Rg7 76. Ra6 Rg1 77. Ra7+ Kb8 78.
Rd7 Kc8 79. Kc6 Rg8 80. Rd6 Rg7 81. Re6 Rc7+ 82. Kd5 Rd7+ 83. Rd6 Rh7 84. Ra6
Rh5+ 85. Kc4 Kb7 86. Rg6 Rh1 87. Rg7+ Kc6 88. Rg6+ Kc7 89. Rg4 Kc6 90. Rg6+ 1/2-1/2

[Event "28th Czech Open A 2017"]
[Site "Pardubice CZE"]
[Date "2017.07.29"]
[Round "9.78"]
[White "Flick, Antoine"]
[Black "Bunyatov, Rustam"]
[Result "1-0"]
[WhiteTitle "FM"]
[BlackTitle "FM"]
[WhiteElo "2331"]
[BlackElo "2213"]
[WhiteFideId "26025736"]
[BlackFideId "13410210"]
[EventDate "2017.07.21"]

1. d4 Nf6 2. Nf3 g6 3. c4 Bg7 4. Nc3 O-O 5. e4 d6 6. h3 c6 7. Be3 a6 8. c5 dxc5
9. dxc5 Qa5 10. Nd2 Be6 11. a3 Nbd7 12. Be2 Rad8 13. Qc2 Rfe8 14. O-O Nf8 15.
Rfd1 Qc7 16. Nc4 Rxd1+ 17. Rxd1 Rd8 18. Bf1 Bc8 19. Bf4 Qxf4 20. Rxd8 Qc7 21.
Rd1 N6d7 22. b4 Ne6 23. Ne2 g5 24. Ne3 Be5 25. Nf5 Kf8 26. Ned4 Nf6 27. Nf3 g4
28. hxg4 Nxg4 29. g3 h5 30. Qd2 Bf6 31. Bc4 Ke8 32. Kg2 1-0

[Event "28th Czech Open A 2017"]
[Site "Pardubice CZE"]
[Date "2017.07.29"]
[Round "9.79"]
[White "Aditya, Mittal"]
[Black "Mueller, Ralf1"]
[Result "1-0"]
[WhiteTitle "CM"]
[BlackTitle "FM"]
[WhiteElo "2203"]
[BlackElo "2330"]
[WhiteFideId "35042025"]
[BlackFideId "4606612"]
[EventDate "2017.07.21"]

1. d4 Nf6 2. c4 g6 3. Nc3 d5 4. cxd5 Nxd5 5. Bd2 Bg7 6. e4 Nxc3 7. Bxc3 O-O 8.
Qd2 Nc6 9. Nf3 e5 10. d5 Nd4 11. Nxe5 Bxe5 12. Bxd4 Qd6 13. Be2 c6 14. Bxe5 Qxe5
15. O-O Qxe4 16. Bf3 Qa4 17. b3 Qa6 18. dxc6 bxc6 19. Rac1 Bb7 20. Rc4 Rad8 21.
Qh6 Rd7 22. Be2 Qa3 23. Rh4 f6 24. Bc4+ Kh8 25. b4 Rg7 26. Qd2 a5 27. Bb3 axb4
28. Re1 Qa8 29. Rhe4 c5 30. Re7 Rxe7 31. Rxe7 g5 32. Qd3 1-0

[Event "28th Czech Open A 2017"]
[Site "Pardubice CZE"]
[Date "2017.07.29"]
[Round "9.80"]
[White "Jedlicka, Ales"]
[Black "Krapivin, Vladislav"]
[Result "1-0"]
[WhiteTitle "FM"]
[BlackTitle "IM"]
[WhiteElo "2200"]
[BlackElo "2327"]
[WhiteFideId "304824"]
[BlackFideId "4126149"]
[EventDate "2017.07.21"]

1. d4 Nf6 2. c4 d6 3. Nc3 Nbd7 4. Nf3 e5 5. g3 c6 6. Bg2 Be7 7. O-O e4 8. Ng5 d5
9. cxd5 cxd5 10. Qb3 Nb6 11. a4 a5 12. f3 exf3 13. Nxf3 O-O 14. Ne5 Be6 15. Bf4
h6 16. Rac1 g5 17. Bd2 Rc8 18. Nb5 Rxc1 19. Bxc1 Nbd7 20. Nf3 Ne4 21. Nc3 Qb6
22. Nb5 Rc8 23. Be3 Bb4 24. Qd3 f5 25. Nd2 Kg7 26. Kh1 Ndf6 27. Nf3 Ng4 28. Ne5
Ngf6 29. Bg1 Qd8 30. Bh3 g4 31. Bg2 Bd2 32. Be3 Bxe3 33. Qxe3 Rc2 34. Nd3 Qb8
35. Nf4 Bf7 36. Qb3 Rc4 37. Qa3 Qf8 38. Bxe4 Nxe4 39. Qe3 Qb8 40. Nd3 Be6 41. b3
Rc2 42. Nc5 Bc8 43. Nxe4 dxe4 44. Rc1 Rxc1+ 45. Qxc1 Be6 46. Qc5 Qd8 47. Nd6
Bxb3 48. Qe5+ Kg8 49. Nxf5 Qg5 50. d5 Bxa4 51. Qe6+ Kf8 52. Nd6 Qe7 53. Qxh6+
Qg7 54. Qf4+ Kg8 55. Nf5 Qa1+ 56. Kg2 Bd7 57. Qg5+ Kh7 58. Qe7+ Kg6 59. Qxd7 a4
60. Ne7+ Kf6 61. Qe6+ 1-0

[Event "28th Czech Open A 2017"]
[Site "Pardubice CZE"]
[Date "2017.07.29"]
[Round "9.81"]
[White "Paszewski, Mateusz"]
[Black "Mukashev, Assan"]
[Result "1-0"]
[WhiteTitle "FM"]
[WhiteElo "2323"]
[BlackElo "2207"]
[WhiteFideId "1141058"]
[BlackFideId "13703803"]
[EventDate "2017.07.21"]

1. e4 e6 2. d4 d5 3. Nd2 c5 4. Ngf3 Nc6 5. exd5 Qxd5 6. Bc4 Qd8 7. dxc5 Bxc5 8.
O-O Nf6 9. Qe2 O-O 10. Ne4 Be7 11. Rd1 Qc7 12. Bg5 Nd5 13. Bxd5 exd5 14. Rxd5
Be6 15. Rd2 Rfe8 16. Be3 Nb4 17. Nd4 Bd5 18. Nc3 Bc4 19. Qg4 Bf6 20. Ne4 Qe5 21.
Nxf6+ Qxf6 22. Nf3 b5 23. Bd4 Qg6 24. Qxg6 hxg6 25. a3 Nc6 26. Be3 f6 27. h3
Rad8 28. Rad1 a5 29. b3 Rxd2 30. Rxd2 Bf7 31. Kf1 g5 32. Rd6 Re6 33. Rxe6 Bxe6
34. Ke1 Bd5 35. Ke2 Be4 36. Ne1 Kf7 37. f3 Bg6 38. Kd2 Ke6 39. c4 bxc4 40. bxc4
Ne5 41. Kc3 Kd6 42. f4 Nf7 43. fxg5 fxg5 44. Kd4 Bf5 45. Bd2 a4 46. Bb4+ Kc6 47.
Nd3 g4 48. h4 g5 49. h5 g3 50. Ne5+ Nxe5 51. Kxe5 Bd3 52. h6 1-0

[Event "28th Czech Open A 2017"]
[Site "Pardubice CZE"]
[Date "2017.07.29"]
[Round "9.82"]
[White "Jeet, Jain"]
[Black "Urazayev, Arystanbek"]
[Result "0-1"]
[BlackTitle "CM"]
[WhiteElo "2191"]
[BlackElo "2322"]
[WhiteFideId "5073022"]
[BlackFideId "13709810"]
[EventDate "2017.07.21"]

1. e4 e5 2. Nf3 Nc6 3. Bc4 Nf6 4. d3 Bc5 5. c3 a6 6. Bb3 d6 7. O-O Ba7 8. h3 h6
9. Re1 Qe7 10. Nbd2 g5 11. Nh2 g4 12. hxg4 h5 13. gxh5 Rxh5 14. Ndf1 Bd7 15. Be3
O-O-O 16. d4 Rdh8 17. f3 Qf8 18. Ba4 Qg7 19. Re2 Qh7 20. g3 b5 21. Bc2 Bh3 22.
Kf2 Bxf1 23. Nxf1 Rh1 24. Ke1 exd4 25. Bxd4 Nxd4 26. cxd4 Qh3 27. Kf2 Rxf1+ 28.
Qxf1 Bxd4+ 29. Re3 Qh2+ 30. Qg2 Bxe3+ 31. Kf1 Qh1+ 0-1

[Event "28th Czech Open A 2017"]
[Site "Pardubice CZE"]
[Date "2017.07.29"]
[Round "9.83"]
[White "Krasnokutskaya, Sofiya"]
[Black "Holtman, Teodor"]
[Result "0-1"]
[BlackTitle "FM"]
[WhiteElo "2177"]
[BlackElo "2306"]
[WhiteFideId "14150735"]
[BlackFideId "14933721"]
[EventDate "2017.07.21"]

1. e4 c5 2. Nf3 e6 3. d4 cxd4 4. Nxd4 Nf6 5. Nc3 Nc6 6. Ndb5 d6 7. Bf4 e5 8. Bg5
a6 9. Na3 b5 10. Nd5 Be7 11. Bxf6 Bxf6 12. c4 b4 13. Nc2 O-O 14. Ncxb4 Nxb4 15.
Nxb4 Qb6 16. Nd5 Qxb2 17. Bd3 Bg5 18. O-O Qd4 19. Rb1 Be6 20. Rb6 Rfb8 21. Rb3
Bd8 22. Qb1 Qa7 23. Kh1 Bxd5 24. exd5 g6 25. f4 Rxb3 26. axb3 exf4 27. Rxf4 Bg5
28. Re4 Bf6 29. Qe1 Kg7 30. Qe3 Qb7 31. Bc2 Qb4 32. g3 a5 33. Rf4 Qa3 34. Re4
Rc8 35. Kg2 Qb2 36. Qe2 Rc7 37. Qf2 Be5 38. Re2 Qc3 39. Re3 Qb4 40. Qe2 Kg8 41.
Qe1 Qa3 42. Qe2 Qa2 43. Re4 Rc8 44. Re3 Qa1 45. Qe1 Qd4 46. Re4 Qb6 47. Qe3 Qb7
48. Qe2 Rc5 49. Qf2 Qc8 50. Bd3 Qc7 51. Re2 Qb6 52. Bc2 Qb4 53. Qe1 Qb7 54. Qf2
Rc7 55. Qf3 a4 56. bxa4 Rxc4 57. Bb3 Rc3 0-1

[Event "28th Czech Open A 2017"]
[Site "Pardubice CZE"]
[Date "2017.07.29"]
[Round "9.84"]
[White "Nun, Jiri"]
[Black "Dvorak, Adam"]
[Result "1-0"]
[WhiteTitle "IM"]
[WhiteElo "2303"]
[BlackElo "2185"]
[WhiteFideId "300179"]
[BlackFideId "346497"]
[EventDate "2017.07.21"]

1. e4 c5 2. Nf3 e6 3. d3 Nc6 4. g3 g6 5. Bg2 Bg7 6. c3 Nge7 7. h4 h5 8. O-O O-O
9. Re1 e5 10. Nbd2 d6 11. Nf1 b5 12. Ne3 Rb8 13. Ng5 f6 14. Nh3 Be6 15. Nd5 Qd7
16. Kh2 Bf7 1-0

[Event "28th Czech Open A 2017"]
[Site "Pardubice CZE"]
[Date "2017.07.29"]
[Round "9.85"]
[White "Barthel, Ansgar"]
[Black "Mertanen, Janne"]
[Result "1-0"]
[BlackTitle "FM"]
[WhiteElo "2164"]
[BlackElo "2302"]
[WhiteFideId "4643461"]
[BlackFideId "501875"]
[EventDate "2017.07.21"]

1. e4 Nc6 2. Nf3 d6 3. d4 Nf6 4. Nc3 Bg4 5. Bb5 a6 6. Bxc6+ bxc6 7. O-O e6 8.
Qd3 Bxf3 9. Qxf3 d5 10. Bg5 Be7 11. e5 Nd7 12. Bxe7 Qxe7 13. Ne2 c5 14. c4 c6
15. Rac1 O-O 16. Qa3 Rfc8 17. f4 Nb6 18. cxd5 cxd5 19. Rxc5 Rxc5 20. Qxc5 Qxc5
21. dxc5 Na4 22. b4 Rb8 23. a3 a5 24. Nd4 axb4 25. Nc6 Ra8 26. axb4 Nc3 27. Nd4
Ra4 28. Rc1 Rxb4 29. Rxc3 Rxd4 30. c6 1-0

[Event "28th Czech Open A 2017"]
[Site "Pardubice CZE"]
[Date "2017.07.29"]
[Round "9.86"]
[White "Friedland, Moshe"]
[Black "Bauer, Thomas"]
[Result "1-0"]
[BlackTitle "CM"]
[WhiteElo "2289"]
[BlackElo "2176"]
[WhiteFideId "2812843"]
[BlackFideId "1639293"]
[EventDate "2017.07.21"]

1. e4 d6 2. d4 Nf6 3. Nc3 g6 4. Bg5 Bg7 5. Qd2 h6 6. Bf4 g5 7. Bg3 Nh5 8. O-O-O
Nc6 9. Qe3 Bd7 10. e5 Nxg3 11. hxg3 dxe5 12. dxe5 Nxe5 13. f4 Ng4 14. Qf3 c6 15.
Bc4 Qc7 16. Nge2 O-O-O 17. Bxf7 Rhf8 18. Bh5 Nf6 19. Bg6 Qb6 20. Nd4 Ng4 21. Bf5
Rxf5 22. Nxf5 Bxf5 23. Rxd8+ Kxd8 24. fxg5 e6 25. Qf4 Qc7 26. Qd2+ Qd7 27. Qf4
Be5 28. Qb4 Qg7 29. gxh6 Nxh6 30. Kb1 Kc8 31. a3 Nf7 32. Rd1 Bg4 33. Rd3 Bf5 34.
Rd1 Bxg3 35. Qe7 Qg8 36. Rd7 Nd8 37. Na4 e5 38. Rc7+ Kb8 39. Nc5 e4 40. Rxb7+
Kc8 41. Rd7 Ne6 42. Nxe6 Bxe6 43. Rxa7 Ba2+ 44. Ka1 Qf7 45. Qxf7 Bxf7 46. Rxf7
Kd8 47. Rg7 Bf2 48. Rg4 e3 49. Re4 Kd7 50. Kb1 Kd6 51. c4 Kc5 52. b4+ Kb6 53.
Kc2 c5 54. Re6+ Kc7 55. b5 Kd7 56. Re4 Kc7 57. Kd3 e2 58. Rxe2 1-0